Normal view
MARC view
- Abbasi, Anjum Mustafa Khan
Entry Personal Name
001 - CONTROL NUMBER
- control field: 132647
003 - CONTROL NUMBER IDENTIFIER
- control field: NUST
005 - DATE AND TIME OF LATEST TRANSACTION
- control field: 20251231131639.0
008 - FIXED-LENGTH DATA ELEMENTS
- fixed length control field: 251231|| aca||aabn | a|a d
040 ## - CATALOGING SOURCE
- Original cataloging agency: NUST
- Transcribing agency: NUST
100 ## - HEADING--PERSONAL NAME
- Personal name: Abbasi, Anjum Mustafa Khan
670 ## - SOURCE DATA FOUND
- Source citation: Work cat.: (NUST): Abbasi, Anjum Mustafa Khan, Time Scale Integrals and Convexity/
